[Event "XII Americas Continental-ch 2017"]
[Site "Medellin"]
[Date "2017.06.13"]
[Round "5"]
[White "Ramirez, Alejandro"]
[Black "Cori, Jorge"]
[Result "0-1"]
[WhiteElo "2552"]
[BlackElo "2618"]
[Annotator "TA"]
[PlyCount "120"]
[EventDate "2017.??.??"]
[EventType "swiss"]
[EventCountry "COL"]
[SourceTitle "playchess.com"]
[Source "ChessBase"]
[SourceQuality "1"]

{[%evp 24,120,33,30,32,33,33,23,30,19,23,17,74,35,36,17,23,3,0,1,94,82,92,104,168,95,146,-17,-19,-17,-12,-6,-9,0,0,-202,-206,-211,-221,-233,-207,-225,-214,-245,-119,-138,-126,-348,-346,-418,-418,-372,-411,-403,-403,-382,-379,-408,-410,-668,-668,-668,-668,-656,-583,-582,-587,-577,-563,-572,-516,-652,-534,-682,-677,-630,-640,-494,-279,-279,-279,-279,-279,-461,-279,-513,-279,-508,-279,-807,-781,-1807,-1899,-12841,-12842,-12841,-12842,-12845,-12845]} 1. c4 Nf6 2. Nc3 e5 3. g3 Nc6 4. Bg2 g6 5. d3 Bg7 6. e4 d6 7. Nge2 O-O 8. O-O Be6 9. h3 Qd7 10. Kh2 Ne8 11. Be3 f5 12. Qd2 Nf6 13. Nd5 Rf7 {A26: English Opening vs King's Indian with ...Nc6 and d3} (13... a5 14. Rac1 Nb4 15. a3 Nbxd5 16. cxd5 Bf7 17. Rc2 Rfc8 18. Rfc1 fxe4 19. dxe4 c6 20. Nc3 b5 21. dxc6 Rxc6 {1-0 (29) Maze,S (2577)-Ziska,H (2456) Reykjavik 2012}) 14. exf5 gxf5 15. Nec3 $146 ({Predecessor:} 15. f4 Re8 16. Rac1 Kh8 17. Nxf6 Bxf6 18. d4 exd4 19. Nxd4 Rg7 20. Nxc6 bxc6 21. Bd4 Bxd4 22. Qxd4 {1-0 (40) Westerman,H-De Kleijnen,H Netherlands 1985}) 15... Kh8 {White has an edge.} 16. f4 Rg8 17. Rae1 Ne8 (17... Nd4 $11 {keeps the balance.}) 18. Qe2 Rff8 19. Bh1 Nd8 20. fxe5 dxe5 21. Bg5 $1 {And now Ne7 would win.} Nc6 (21... Rf7 $11) 22. Qh5 $1 $16 Rf7 23. Qh4 a6 (23... h6 $16 24. a3 (24. Bxh6 $2 Bxh6 25. Ne4 Rh7 $19) 24... a6) 24. Bf3 (24. Ne4 $1 $18 {[%cal Re4c5]} fxe4 25. Bxe4) 24... Rff8 ({Better is} 24... h6 25. b3 (25. Bxh6 $2 Bxh6 26. Nxc7 Rh7 $19) 25... Qd6) 25. g4 $2 ({White should try} 25. Rd1 $16) 25... e4 $1 $11 {[%cal Re4f3]} 26. dxe4 fxg4 27. Bxg4 Bxg4 28. hxg4 Ne5 {Hoping for ...Nf3+.} 29. Kg3 $2 (29. Kg2 $11) 29... Ng6 $19 {[%mdl 1024] Black has strong compensation.} (29... Nxc4 30. Kg2 $15) 30. Qh5 Be5+ 31. Kg2 Ng7 $1 {[%cal Rg7h5]} ({Don't do} 31... c6 32. Ne3 $17) 32. Qh3 {[#] Bf6 is the strong threat.} Ne6 $1 {[%cal Re6g5]} 33. Bh6 {[#]} Ngf4+ (33... Rxf1 $1 $19 34. Rxf1 c6) 34. Nxf4 $17 Nxf4+ 35. Bxf4 $2 (35. Rxf4 $17 {was the only chance.} Rxf4 36. Bxf4 Rxg4+ 37. Kh1 Bxf4 38. Ne2) 35... Rxg4+ $19 ({Not} 35... Rxf4 36. Rxf4 Bxf4 37. Rd1 $17) (35... Bxf4 36. Ne2 $15) 36. Kh1 Rfxf4 37. Rxf4 Rg1+ $1 ({Less strong is} 37... Bxf4 38. Ne2 $17) 38. Kxg1 Qxh3 39. Rf2 Bd4 {( -> ...Qg3+)} 40. Ree2 h5 {[%cal Bh7h5,Bh5h4,Bh4h3][%mdl 32]} 41. Nd5 (41. Rd2 $142 Bb6 42. Rd8+ Kg7 43. Rdf8 Qg3+ 44. Kf1 Qd3+ 45. Kg2 Bxf2 46. Rxf2) 41... h4 42. Nf4 Qg3+ 43. Kf1 Bxf2 44. Rxf2 {[%mdl 4096] Endgame KQ-KRN} h3 {aiming for ...h2.} 45. Ne2 Qe3 46. Rf4 a5 47. b3 c6 48. Rh4+ Kg7 49. Rg4+ Kf6 50. Rg3 Qxe4 (50... Qh6 $142 51. Kg1 Ke5) 51. Rxh3 Qb1+ 52. Kf2 Qxa2 53. Re3 $2 (53. c5 {was necessary.}) 53... Qd2 54. Kf3 $2 (54. c5) 54... Qd1 55. Kf2 $2 (55. Rc3) 55... Kf7 56. Nf4 $2 (56. Rc3) 56... b5 {Black is clearly winning.} 57. cxb5 cxb5 58. Ne6 Qd2+ 59. Kf3 Qd5+ 60. Kf4 Kf6 {Precision: White = 29%, Black = 60%.} 0-1

[Event "XII Americas Continental-ch 2017"]
[Site "Medellin"]
[Date "2017.06.13"]
[Round "5"]
[White "Kaidanov, Gregory S"]
[Black "Zavarce, Oscar Enrique"]
[Result "1/2-1/2"]
[WhiteElo "2550"]
[BlackElo "2364"]
[Annotator "TA"]
[PlyCount "56"]
[EventDate "2017.??.??"]
[EventType "swiss"]
[EventCountry "COL"]
[SourceTitle "playchess.com"]
[Source "ChessBase"]
[SourceQuality "1"]

{[%evp 25,56,0,0,-8,-16,-23,-26,-28,-28,-35,-22,-53,-57,-50,0,-1,0,6,9,0,0,-28,7,0,0,0,794,0,0,-56,-24,-47,-47]} 1. Nf3 c5 2. c4 b6 3. e3 Nf6 4. d4 cxd4 5. exd4 e6 6. Nc3 Bb7 7. Bd3 Be7 8. O-O d5 9. cxd5 Nxd5 10. Ne5 O-O 11. Qg4 Nf6 {E14: Queen's Indian: Classical Variation (4 e3)} (11... f5 12. Qe2 Bf6 13. Bc4 Re8 14. Rd1 Nd7 15. Bb5 Bxe5 16. dxe5 Qe7 17. Nxd5 Bxd5 18. Qh5 g6 19. Qh6 {1-0 (36) Kramnik,V (2777)-Topalov,V (2813) Skopje 2015}) 12. Qg3 Nc6 13. Rd1 Nb4 {LiveBook: 3 Games. The position is equal.} 14. Bh6 {[%csl Gh6][%cal Rg3g7] [#]} Ne8 $1 {White must now prevent ...Bh4.} ({Don't capture} 14... Nh5 $2 15. Qg4 $18) 15. Bb5 {Strongly threatening Bxe8.} Bh4 16. Qg4 {aiming for Bxe8.} f5 17. Qh5 Nc7 18. Bf4 Nxb5 19. Nxb5 Qd5 $146 {[%csl Gb7][%cal Rd5g2] [#]} (19... Rc8 {is more complex.} 20. Nf3 Bxf3 21. Qxf3 Qd5 22. Nc7 Qxf3 23. gxf3 Kf7) 20. f3 Qxb5 (20... Bd8 {with more complications.} 21. Nc3 Qd6 22. Qh3 Nd5 23. Nxd5 Qxd5 24. Qg3 Rc8) 21. Qxh4 Nd5 $132 {[%mdl 2048] Black is not keeping still} 22. Nd3 Rac8 23. Rd2 Rc4 24. Be5 Rfc8 25. Re1 Rc2 $2 {[%mdl 8192]} (25... Qd7 $11) 26. Qg5 $2 ({White has to play} 26. Rxc2 $18 Qe8 27. Rxc8 Bxc8 28. Rc1) 26... Qd7 $11 {Hoping for ...h6.} 27. Ree2 (27. Rxc2 $11 Rxc2 28. Qg3) 27... Rxd2 28. Rxd2 h6 {Precision: White = 23%, Black = 54%.} 1/2-1/2

[Event "XII Americas Continental-ch 2017"]
[Site "Medellin"]
[Date "2017.06.13"]
[Round "5"]
[White "Morovic Fernandez, Ivan"]
[Black "Valenzuela Gomez, Fernando"]
[Result "1/2-1/2"]
[WhiteElo "2537"]
[BlackElo "2377"]
[Annotator "TA"]
[PlyCount "77"]
[EventDate "2017.??.??"]
[EventType "swiss"]
[EventCountry "COL"]
[SourceTitle "playchess.com"]
[Source "ChessBase"]
[SourceQuality "1"]

{[%evp 25,77,-2,-4,0,0,-6,0,1,1,-8,-8,0,26,29,27,9,29,0,0,0,-4,-8,-3,-10,-2,-7,-7,-13,0,0,0,-5,0,0,0,0,0,0,0,0,0,0,0,0,0,0,0,0,0,0,0,0,0,0]} 1. d4 g6 2. Nf3 Bg7 3. c4 Nf6 4. Nc3 d5 5. Bf4 O-O 6. Rc1 dxc4 7. e3 Be6 8. Ng5 Bd5 9. e4 h6 10. exd5 hxg5 11. Bxg5 Nxd5 12. Bxc4 Nb6 13. Bb3 Nc6 14. d5 {D92: Grünfeld: 4 Nf3 Bg7 5 Bf4} (14. Ne2 a5 15. a4 Rc8 16. O-O Nxd4 17. Nxd4 Qxd4 18. Bxe7 Rfe8 19. Bc5 Qxd1 20. Rfxd1 Bxb2 21. Rc2 Bf6 22. g3 {½-½ (30) Prohaszka,P (2607)-Ragger,M (2688) Austria 2016}) 14... Nd4 15. O-O Nxb3 16. Qxb3 Bxc3 17. Rxc3 Qxd5 18. Bxe7 Qxb3 19. Rxb3 ({Much worse is} 19. axb3 Rfe8 $15) 19... Rfe8 {[#]} 20. Bh4 $146 (20. Bg5 {with more complications.} Re5 21. h4 Rb8 22. Rd1 Rd5 23. Rc1) ({Predecessor:} 20. Bg5 Re6 21. Rd1 Rae8 {1-0 (48) Riazantsev,A (2511)-Danin,A (2314) Vladimir 2002}) 20... Re2 21. Bg3 Re7 {The position is equal.} 22. h4 c6 23. Bd6 Rd7 24. Bc5 Nd5 25. Rd1 b6 26. Be3 Re7 27. Bd2 Re4 {And now ...Rd4 would win.} 28. Rd3 Rxh4 29. Rc1 Nf4 30. Bxf4 $1 Rxf4 31. Rxc6 $11 {[%mdl 4096] Endgame KRR-KRR} Re8 {[#] Threatens to win with ...Re1+.} 32. g3 Re1+ 33. Kg2 Rf5 34. Rc2 Re7 35. Rcd2 Kg7 36. Rd7 Rxd7 37. Rxd7 Ra5 38. a3 Rb5 39. Rxa7 {Precision: White = 79%, Black = 69%.} 1/2-1/2

[Event "XII Americas Continental-ch 2017"]
[Site "Medellin"]
[Date "2017.06.13"]
[Round "5"]
[White "Cuartas, Jaime Alexander"]
[Black "Bachmann, Axel"]
[Result "0-1"]
[WhiteElo "2492"]
[BlackElo "2653"]
[Annotator "TA"]
[PlyCount "90"]
[EventDate "2017.??.??"]
[EventType "swiss"]
[EventCountry "COL"]
[SourceTitle "playchess.com"]
[Source "ChessBase"]
[SourceQuality "1"]

{[%evp 19,90,0,4,-67,-13,-80,-59,-57,-57,-68,-56,-86,-88,-88,-93,-63,-63,-46,-46,-48,-52,-106,-104,-131,-139,-290,-212,-262,-257,-273,0,-294,-258,-295,-292,-275,-271,-301,-295,-287,-273,-334,-309,-516,-513,-716,-708,-677,-610,-597,-595,-592,-586,-579,-566,-535,-441,-785,-778,-866,-872,-864,-872,-846,-864,-847,-844,-844,-840,-1160,-1093,-1051,-1050]} 1. e4 c5 2. d4 cxd4 3. c3 dxc3 4. Nxc3 Nc6 5. Nf3 e6 6. Bc4 a6 7. O-O Nge7 8. Bg5 f6 9. Be3 b5 {B21: Sicilian: 2 f4 and Morra Gambit} 10. Bb3 Na5 {LiveBook: 5 Games} (10... Ng6 11. Nd5 Rb8 12. Rc1 Be7 13. Nxe7 Ngxe7 14. Qd6 O-O 15. Rfd1 Qe8 16. Bc5 Rf7 17. h4 Ng6 18. h5 Nf8 {1-0 (31) Izzat,K (2456)-Johansen,D (2427) Melbourne 2015}) 11. Bc2 ({Better is} 11. Nd4 $11) 11... Ng6 (11... Bb7 $15) 12. h4 $146 (12. e5 $11) ({Predecessor:} 12. e5 f5 13. g4 Nc4 14. Bc1 Bb7 15. gxf5 Ngxe5 16. Nxe5 Nxe5 17. Qh5+ {0-1 (30) Stepaniuk,A (2294)-Roschupkin,V (1972) Yuzhny 2008}) 12... Be7 13. h5 Ne5 14. Nxe5 fxe5 15. Qf3 Nc4 16. Bc1 Bb7 17. a4 Bc6 18. b3 {And now axb5 would win.} Nd6 19. Qg3 b4 20. Na2 {[#]} (20. Nd1 $15) 20... O-O $1 $17 ({Reject} 20... Bxe4 $6 21. Bxe4 Nxe4 22. Qxg7 $11) ({Stronger than} 20... Nxe4 21. Qxg7 Bf6 22. Qg4 $14) 21. Bb2 Nf7 22. f4 $2 (22. Rae1 $17 {keeps fighting.}) 22... Bh4 23. Qh3 Bf6 24. Qd3 Be7 {Strongly threatening ...Bc5+.} 25. Qg3 $1 a5 26. Rad1 Bh4 27. Qh3 Qe7 28. Kh1 exf4 29. Rxf4 Bg5 30. Qg3 Nh6 31. Rxf8+ $2 (31. Rff1) 31... Rxf8 $19 {Black is clearly winning.} 32. Be5 {White hopes to continue with Bd6.} Bh4 33. Bd6 Bxg3 34. Bxe7 Rf2 35. Bb1 Ng4 36. Nc1 Ne3 37. Rg1 Rf7 38. Bc5 (38. Bd8 $142 Bf2 39. Bd3) 38... Rf4 {[%cal Rf4h4] [#]} 39. Be7 Ng4 {[%cal Rg4f2]} 40. Nd3 Bxe4 41. Rc1 Bxd3 42. Bxd3 Nf2+ 43. Kg1 Nxd3 44. Rc8+ Kf7 45. Bd6 e5 {Precision: White = 37%, Black = 72%.} 0-1

[Event "XII Americas Continental-ch 2017"]
[Site "Medellin"]
[Date "2017.06.13"]
[Round "5"]
[White "Hungaski, Robert Andrew"]
[Black "Sevian, Samuel"]
[Result "0-1"]
[WhiteElo "2492"]
[BlackElo "2601"]
[Annotator "TA"]
[PlyCount "106"]
[EventDate "2017.??.??"]
[EventType "swiss"]
[EventCountry "COL"]
[SourceTitle "playchess.com"]
[Source "ChessBase"]
[SourceQuality "1"]

{[%evp 24,106,-37,-32,-34,-39,-47,-33,-36,-43,-29,-31,-39,-59,-45,-51,-44,-38,0,-53,-36,-45,-44,-58,-27,-39,-46,-34,-8,-6,0,-25,-25,-17,-12,-22,-25,-29,-37,-48,-36,-39,-16,-6,-9,-21,-15,-36,-44,-72,-54,-93,-89,-195,-192,-458,-393,-593,-576,-647,-626,-618,-602,-575,-631,-632,-627,-600,-572,-1396,-1188,-1302,-1277,-1718,-1625,-2285,-2021,-29977,-29977,-29979,-29978,-29984,-29984,-29984,-29985]} 1. c4 e5 2. g3 Nf6 3. Bg2 d5 4. cxd5 Nxd5 5. Nc3 Nb6 6. Nf3 Nc6 7. O-O Be7 8. d3 O-O 9. Be3 Re8 10. Rc1 Bf8 11. a3 Nd4 {A29: English Opening: Four Knights Variation with 4 g3} 12. Bxd4 (12. Ne4 c6 13. Bg5 f6 14. Nxd4 exd4 15. Bd2 Be6 16. Re1 Bd5 17. Qc2 Qd7 18. b4 Rad8 19. Qb2 {0-1 (73) Nepomniachtchi,I (2767)-Karjakin,S (2785) Doha 2016}) 12... exd4 13. Ne4 {LiveBook: 6 Games} a5 {Black is slightly better.} 14. Re1 c6 15. Nc5 a4 16. Qd2 g6 $146 ({Predecessor:} 16... Nd7 17. Nxd7 Qxd7 18. e3 dxe3 19. Rxe3 Rxe3 20. Qxe3 Qd8 {½-½ (20) Worek,J (2294)-Gasik,P (2105) Warsaw 2008}) 17. Rc2 Bg7 18. Kf1 Ra7 19. Qg5 Bf6 20. Qc1 Bg7 21. Qg5 Ra5 22. Qxd8 Rxd8 23. Rb1 Bf8 24. b4 axb3 25. Nxb3 Rb5 26. Rcc1 Bxa3 27. Nbxd4 (27. Nfxd4 {with more complications.} Rh5 28. Rc3 Bb4 29. Rc2 Nd5 30. Rc4) 27... Rxb1 28. Rxb1 {[#] Strongly threatening Nc2.} Nd5 29. Nc2 (29. Ra1 $5 {[%cal Ra1a3]} Be7 30. Nb3 $15) 29... Be7 30. Nd2 Nc3 31. Ra1 Bf6 32. Ra7 Bg4 33. Bf3 Bh3+ 34. Ke1 (34. Bg2 $5 {[%cal Rg2h3]} Bg4 35. Bf3 Bh3+ 36. Bg2 $15) 34... Bc8 35. Nc4 Nb5 $36 {[%mdl 2048] Black has good play.} 36. Ra4 Bh3 37. Kd2 Be6 38. Nb6 (38. Ke1 $17 {was worth a try.}) 38... Bb3 $19 39. Ra8 $2 (39. Re4 {keeps fighting.}) 39... Bxc2 40. Kxc2 (40. Bxc6 $142 Rxa8 41. Nxa8 Bxd3 42. Bd7) 40... Nd4+ 41. Kd2 Nxf3+ 42. exf3 Rxa8 43. Nxa8 {[%mdl 4096] Endgame KB-KN} Bd8 44. Kc3 Kf8 45. Kc4 b6 46. d4 {and the idea d5 leaves White hopeful.} Ke7 47. d5 c5 {[%cal Bc6c5,Bc5c4][%mdl 32]} 48. f4 Kd6 49. g4 {[#]} b5+ $1 {[%mdl 512]} 50. Kxb5 Kxd5 {Black mates.} 51. f5 gxf5 52. gxf5 c4 53. Kb4 Kd4 {Precision: White = 35%, Black = 69%.} 0-1

[Event "XII Americas Continental-ch 2017"]
[Site "Medellin"]
[Date "2017.06.13"]
[Round "5"]
[White "Quintiliano Pinto, Renato R"]
[Black "Echavarria, Johann"]
[Result "1-0"]
[WhiteElo "2483"]
[BlackElo "2309"]
[Annotator "TA"]
[PlyCount "70"]
[EventDate "2017.??.??"]
[EventType "swiss"]
[EventCountry "COL"]
[SourceTitle "playchess.com"]
[Source "ChessBase"]
[SourceQuality "1"]

{[%evp 16,70,-13,-22,0,0,0,0,0,0,0,0,0,0,36,0,11,-13,-13,-34,27,35,78,75,88,92,114,85,147,149,156,158,145,143,165,164,207,209,248,201,200,179,456,441,593,557,29985,29986,29986,29987,29988,29989,29989,929,2098,2052,1452]} 1. d4 d5 2. c4 c6 3. Nf3 Nf6 4. Qc2 dxc4 5. e4 (5. Qxc4 Bf5 6. g3 e6 7. Bg2 Be7 8. O-O O-O 9. e3 Nbd7 10. Qe2 Qc7 11. Nc3 e5 12. dxe5 Nxe5 13. Nxe5 Qxe5 14. e4 Bg4 15. f3 Be6 {½-½ (43) Yu,Y (2743)-Wang,H (2680) Chengdu 2017}) 5... b5 6. b3 {D11: Slav Defence: 3 Nf3 sidelines and 3...Nf6 4 e3 Bg4} cxb3 7. axb3 e6 8. Bd2 a5 9. Bd3 {LiveBook: 51 Games} Na6 10. O-O Nb4 11. Bxb4 $1 Bxb4 12. Ne5 $146 ({Predecessor:} 12. Qxc6+ Bd7 13. Qc2 O-O {½-½ (13) Del Rey,D (2371)-Adla,D (2499) Aragon 2012}) 12... Bb7 13. Nxc6 Bxc6 14. Qxc6+ Kf8 (14... Ke7 $5 {[%cal Rd8d4]} 15. e5 (15. Bxb5 Rc8 $11) 15... Nd5 $14) 15. Rc1 Rb8 16. Qc7 g6 {Strongly threatening ...Kg7.} 17. Na3 Qxc7 ({Better is} 17... Kg7 $1 $15 18. Nxb5 Nxe4) 18. Rxc7 $11 Bd6 19. Ra7 $36 {[%mdl 2048] e5 is the strong threat. Keeping Black busy.} Bxa3 20. Rxa3 Rd8 21. f3 ({Much worse is} 21. R3xa5 $6 Rxd4 22. Bxb5 Rd1+ 23. Bf1 Nxe4 $11) ({Don't play} 21. Bxb5 Nxe4 22. f3 (22. R3xa5 Rxd4 23. g3 Kg7 $11) 22... Nd2 $11) 21... a4 (21... Rxd4 $142 22. Bxb5 Rd1+ 23. Kf2 Rd2+ 24. Be2 Kg7) 22. bxa4 $16 bxa4 23. R3xa4 Kg7 24. Kf2 Rhf8 25. Ke3 Rg8 26. Bc4 Rd6 27. Rb7 Rd7 28. Raa7 Rgd8 $2 {[#]} (28... Rxb7 29. Rxb7 Re8) 29. e5 $18 Nd5+ 30. Bxd5 $1 Rxd5 31. Rxf7+ {KRR-KRR} Kg8 32. Rg7+ Kh8 33. Rxh7+ Kg8 34. Rag7+ (34. Kf4 $142 R8d7 35. Rhxd7 Rxd7 36. Rxd7 Kf8 37. d5 exd5 38. Kg5 d4 39. e6) 34... Kf8 35. Rxg6 R5d7 {Precision: White = 56%, Black = 43%.} 1-0

[Event "XII Americas Continental-ch 2017"]
[Site "Medellin"]
[Date "2017.06.13"]
[Round "5"]
[White "Tang, Andrew"]
[Black "Shabalov, Alexander"]
[Result "1-0"]
[WhiteElo "2461"]
[BlackElo "2556"]
[Annotator "TA"]
[PlyCount "107"]
[EventDate "2017.??.??"]
[EventType "swiss"]
[EventCountry "COL"]
[SourceTitle "playchess.com"]
[Source "ChessBase"]
[SourceQuality "1"]

{[%evp 11,107,60,49,45,49,28,26,24,92,93,103,107,112,90,135,124,141,130,138,119,180,173,154,168,216,244,225,214,218,194,188,187,196,182,195,191,185,164,245,258,272,276,277,277,267,267,269,252,254,244,324,279,291,289,381,381,381,369,378,373,379,427,404,389,456,425,438,429,438,407,413,399,352,377,410,419,397,386,495,389,372,318,379,379,379,377,380,365,888,936,877,834,1286,1181,5077,2701,12778,11790]} 1. d4 d5 2. Bf4 Nf6 3. e3 c5 4. dxc5 (4. c3 e6 5. Nf3 Nc6 6. Nbd2 cxd4 7. exd4 Nh5 8. Bg5 f6 9. Be3 Bd6 10. Bb5 O-O 11. O-O a6 12. Ba4 Bd7 13. Ne1 Nf4 14. g3 Nh3+ {1-0 (52) Karjakin,S (2781)-Nakamura,H (2785) Stavanger 2017}) 4... Nc6 5. Bb5 g6 6. Nf3 {D00: 1 d4 d5: Unusual lines} Bg7 {LiveBook: 3 Games} 7. Nc3 O-O $146 ({Predecessor:} 7... Bg4 8. O-O O-O 9. h3 Bxf3 10. Qxf3 e6 11. Rfd1 Nd7 {1-0 (70) Sielecki,C (2437)-Kanicki,K (2097) Wroclaw 2015}) 8. Bxc6 {White is slightly better.} bxc6 9. Be5 Ba6 (9... Bg4 $11 {keeps the balance.}) 10. Qd4 $16 Qc8 11. O-O-O Rd8 12. h3 Rd7 13. g4 Rb7 14. Qa4 Bb5 15. Qa3 Bf8 (15... a5 $16 16. Kb1 (16. Nxb5 Rxb5 17. Nd4 Rb7 $11) 16... h6) 16. Bxf6 $1 $18 exf6 17. Nd4 $1 Rab8 18. Ndxb5 Rxb5 19. Nxb5 Rxb5 20. c3 Bxc5 {[#]} 21. Qa4 $1 Bb6 22. Rd2 Ra5 23. Qb3 Qe6 24. Rhd1 Qe4 (24... f5 $142 25. gxf5 Qxf5) 25. Qc2 Qxc2+ 26. Rxc2 Rxa2 {[%mdl 4096] Endgame KRR-KRB} 27. c4 Ra1+ 28. Kd2 Ra4 29. cxd5 cxd5 30. Kc3 h5 31. Kb3 ({Not} 31. Rxd5 hxg4 32. b3 Re4 $16) 31... Ra5 32. gxh5 g5 33. Rcd2 Rb5+ 34. Ka2 Ra5+ {[#]} 35. Kb1 $1 d4 36. exd4 {[%cal Be3d4,Bd4d5][%mdl 32]} Rd5 37. Kc2 Kg7 38. Kb3 Kh6 39. Kc4 Rd6 40. d5 Kxh5 41. Re2 f5 42. Re8 f4 43. Rh8+ Kg6 44. f3 {[%cal Bf2f3,Bf3g4][%mdl 32]} f5 45. Rd2 Kg7 46. Rc8 g4 47. hxg4 fxg4 48. fxg4 f3 49. Rc6 Rd8 $2 (49... Rd7 50. Rd1 f2) 50. Rxb6 {White is clearly winning.} axb6 51. Rf2 Rf8 52. Kd4 Rf4+ 53. Ke5 Rb4 54. Rxf3 {Precision: White = 86%, Black = 35%.} 1-0

[Event "XII Americas Continental-ch 2017"]
[Site "Medellin"]
[Date "2017.06.13"]
[Round "5"]
[White "Mosquera, Miguel"]
[Black "Ortiz Suarez, Isan Reynaldo"]
[Result "0-1"]
[WhiteElo "2391"]
[BlackElo "2570"]
[Annotator "TA"]
[PlyCount "78"]
[EventDate "2017.??.??"]
[EventType "swiss"]
[EventCountry "COL"]
[SourceTitle "playchess.com"]
[Source "ChessBase"]
[SourceQuality "1"]

{[%evp 11,78,-4,0,-6,31,24,47,47,46,2,81,89,82,77,130,128,128,122,124,122,135,83,97,68,58,37,35,33,64,58,72,35,41,27,38,19,53,0,0,0,0,-1,13,27,60,37,43,5,52,56,49,58,121,-8,-54,-56,0,-15,-26,-25,-19,-161,-112,-235,-217,-453,-530,-512,-473]} 1. d4 Nf6 2. Nc3 d5 {[%cal Bd7d5,Bd5e4][%mdl 32]} 3. Bg5 c5 4. Bxf6 gxf6 5. e4 dxe4 6. dxc5 Qa5 7. Qd5 {D01: Veresov Opening} (7. Bb5+ Bd7 8. a4 a6 9. Ra3 Nc6 10. Nge2 e6 11. b4 Qxb4 12. Rb3 Qa5 13. O-O axb5 14. Nxe4 Be7 15. axb5 {0-1 (33) Gareev,T (2604)-Robson,R (2656) Saint Louis 2015}) 7... Nc6 (7... e6 $5 {[%cal Re6d5]} 8. Qxe4 Nc6 $14) 8. Bb5 Bd7 9. O-O-O {[%csl Gd1][%cal Rd5d7] [#] White is slightly better.} Rd8 $1 10. Qxe4 {Black should prevent Nge2.} ({Much weaker is} 10. Bc4 Be6 $15) 10... f5 (10... a6 $1 $11 {remains equal.} 11. Ba4 Qxc5) 11. Qe3 $16 {Nd5 is the strong threat.} Bg7 $146 ({Predecessor:} 11... e6 12. Nf3 Bg7 13. Bxc6 Bxc6 14. Ne5 O-O {1-0 (28) Johnsen,K-Rasmussen,P corr 1999}) 12. Nge2 a6 (12... O-O $142) 13. Bxc6 Bxc6 14. Rxd8+ Qxd8 15. Rd1 Qc7 16. g3 (16. Nd4 $142) 16... O-O 17. Nf4 {Threatens to win with Ncd5.} Bh6 $1 {White must now prevent ...e5.} 18. Re1 e6 19. Kb1 Rc8 20. a3 Qb8 21. Qd4 {aiming for Nh5.} Rd8 22. Qf6 Bg7 23. Qh4 Rd4 24. Rd1 (24. Nce2 $14 Rd7 25. Nh5) 24... Qe5 $11 25. Rxd4 Qxd4 26. Qe7 h6 (26... Bf6 $5 {[%cal Rf6e7]} 27. Qc7 Qxc5 $11) 27. Nd3 $1 Bf6 28. Qc7 Bf3 29. Qd6 (29. Na2 {keeps more tension.} Be4 30. Nac1 Qd5 31. Qb6 Kg7 32. Qb4) 29... Kg7 30. Qxd4 Bxd4 $14 {[%mdl 4096] Endgame KBB-KNN} 31. Kc1 e5 {[#]} ({Better is} 31... Bxc3 $1 $14 32. bxc3 f6) 32. Kd2 (32. Nd1 $1 $16) 32... e4 $11 33. Ne1 Bg4 ({Of course not} 33... Bxc5 $6 34. Nxf3 exf3 35. Nd1 $14) ({Black should play} 33... Bxf2 $15 34. Nxf3 exf3) 34. b4 Bxf2 {Hoping for ...e3+.} 35. Ng2 Bg1 36. Ne3 (36. Ke1 $1 $11) 36... Bxh2 $19 37. Nxg4 (37. Ne2 $17) 37... fxg4 38. Nxe4 $2 (38. Ne2 {only move.}) 38... f5 39. Nd6 Kf6 {Precision: White = 35%, Black = 63%.} 0-1